Bombas / (Record no. 65696)

MARC details
000 -LEADER
campo de control de longitud fija 00737nam a2200205 i 4500
001 - NÚMERO DE CONTROL
campo de control 65696
003 - IDENTIFICADOR DE NÚMERO DE CONTROL
campo de control ES-MaACL
005 - FECHA Y HORA DE LA ÚLTIMA TRANSACCIÓN
campo de control 20230906165440.0
007 - CAMPO FIJO DE DESCRIPCIÓN FÍSICA--INFORMACIÓN GENERAL
campo de control de longitud fija t|
008 - DATOS DE LONGITUD FIJA--INFORMACIÓN GENERAL
campo de control de longitud fija 040120s1964 sp ||||1| spa d
100 1# - ENTRADA PRINCIPAL--NOMBRE DE PERSONA
Nombre de persona Fuchslocher, Eugen.
9 (RLIN) 52815
245 10 - MENCIÓN DEL TÍTULO
Título Bombas /
Mención de responsabilidad, etc. Fuchslocher, Schulz ; traducción española por Martín Kraemer Morata ; revisión y prólogo de Rafael Miravitllas Serradell.
250 ## - MENCION DE EDICION
Mención de edición 10ª ed. alemana, ref. y amp.
Resto de la mención de edición por Hellmuth Schulz.
260 ## - PUBLICACIÓN, DISTRIBUCIÓN, ETC.
Lugar de publicación, distribución, etc. Barcelona :
Nombre del editor, distribuidor, etc. Labor,
Fecha de publicación, distribución, etc. 1964.
300 ## - DESCRIPCIÓN FÍSICA
Extensión XVI, 332 p. :
Otras características físicas il. ;
Dimensiones 23 cm.
700 1# - ENTRADA AGREGADA--NOMBRE PERSONAL
Nombre de persona Kraemer Morata, Martín.
9 (RLIN) 68699
700 1# - ENTRADA AGREGADA--NOMBRE PERSONAL
Nombre de persona Miravitllas Serradell, Rafael.
9 (RLIN) 81572
700 1# - ENTRADA AGREGADA--NOMBRE PERSONAL
Nombre de persona Schulz, Hellmuth.
9 (RLIN) 104795
852 ## - LOCALIZACIÓN
Ubicación ES-MaACL
Número de control de estantería C-25600
Sublocalización o colección R.54320
Holdings
Estatus retirado Estado de pérdida Estado de daño No para préstamo Biblioteca de origen Biblioteca actual Ubicación en estantería Fecha de adquisición Fuente de adquisición Total de préstamos Signatura topográfica completa Código de barras Visto por última vez Precio de reemplazo Tipo de ítem Koha
        Biblioteca del Ateneo de Madrid Biblioteca del Ateneo de Madrid Depósito 2 17/01/2008     C-25600 1068827 23/02/2023 23/02/2023 Libro impreso